000 00693nam a22002057a 4500
999 _c17826
_d17826
003 OSt
005 20230126153507.0
008 230120b ||||| |||| 00| 0 eng d
040 _c0
082 _aDPer 370.5 M720 June - December 2017 v66 no. 1-7
100 _aEronia, Charmiemaria
_eauthor.
_947367
245 _aBilingualism :
_bbridging the gap inside the classroom /
_cCharmiemaria Eronia
260 _aPhilippines :
_bPapi Publishers, Inc.
_cAugust 2017.
300 _avolume 66, pages 83-84.
650 _aBilingual education.
_947368
650 _aBilingualism.
_947369
650 _aChildren-Language.
_947370
700 _aEronia, Charmiemaria
_eauthor.
_947367
942 _2ddc
_cPER